Language Quiz

Random Language or Letter Quiz
Score 0/30 Timer 06:00
0 Plays Today
% Correct
right
96.8%
rich
96.8%
red
96.8%
read
96.3%
return
96.3%
reach
96.2%
ready
96.2%
rub
96.1%
rip
95.8%
round
95.8%
reveal
95.6%
room
95.5%
roll
95.4%
rock
95.3%
remains
95.3%
% Correct
real
94.9%
rain
94.8%
require
94.6%
rocket
94.3%
river
93.9%
reason
93.8%
rats
93.6%
reward
93.4%
row
93.1%
risk
92.9%
ring
92.5%
ravished
91.4%
rest
91.3%
receive
90.1%
rear
89.9%
Remove Ads.
Support Sporcle.
Get the best of Sporcle when you Go Orange. This ad-free experience offers more features, more stats, and more fun while also helping to support Sporcle. Thank you for becoming a member.

You're not logged in!

Compare scores with friends on all Sporcle quizzes.
OR
Log In

Show Comments

Extras

Top Quizzes Today


Score Distribution

Your Account Isn't Verified!

In order to create a playlist on Sporcle, you need to verify the email address you used during registration. Go to your Sporcle Settings to finish the process.

Report this User

Report this user for behavior that violates our Community Guidelines.

Details: